[Event "Athens Smaok op 8th"]
[Site "Athens"]
[Date "2008.10.04"]
[Round "3.8"]
[White "Valiotis, Hristos"]
[Black "Hatzigeorgiou, Mihail"]
[Result "0-1"]
[WhiteElo "1650"]
[BlackElo "1895"]
[PlyCount "62"]
[EventDate "2008.09.20"]
[EventType "swiss"]
[EventRounds "4"]
[EventCountry "GRE"]
[SourceTitle "EXT 2024"]
[Source "ChessBase"]
[SourceDate "2023.10.10"]
[SourceVersion "1"]
[SourceVersionDate "2023.10.10"]
[SourceQuality "1"]

1. e4 c6 2. d4 d5 3. exd5 cxd5 4. c4 e6 5. c5 Nc6 6. Bb5 Bd7 7. Nc3 Nge7 8. Nge2 b6 9. a3 bxc5 10. dxc5 g6 11. b4 Bg7 12. Bb2 0-0 13. 0-0 a6 14. Bxc6 Bxc6 15. Rb1 d4 16. Na4 Nf5 17. Re1 Qg5 18. Ng3 Nxg3 19. hxg3 Qd5 20. f3 Qg5 21. Nb6 Rad8 22. Kf2 e5 23. Nc4 Qf5 24. Nd6 Qd7 25. Qd2 f5 26. Ba1 Rf6 27. Rxe5 Rxd6 28. cxd6 Bxe5 29. Bxd4 Bxd4+ 30. Qxd4 Qxd6 31. Qxd6 Rxd6 0-1

[Event "Athens Smaok-ch"]
[Site "Athens"]
[Date "2007.10.20"]
[Round "6.9"]
[White "Valiotis, Hristos"]
[Black "Katapotis, Mihail"]
[Result "0-1"]
[WhiteElo "1455"]
[BlackElo "1605"]
[PlyCount "48"]
[EventDate "2007.09.12"]
[EventType "swiss"]
[EventRounds "9"]
[EventCountry "GRE"]
[SourceTitle "EXT 2024"]
[Source "ChessBase"]
[SourceDate "2023.10.10"]
[SourceVersion "1"]
[SourceVersionDate "2023.10.10"]
[SourceQuality "1"]

1. e4 c5 2. c3 d5 3. exd5 Qxd5 4. d4 e6 5. Nf3 Nc6 6. Be2 cxd4 7. cxd4 Nf6 8. Nc3 Bb4 9. 0-0 Bxc3 10. bxc3 0-0 11. h3 b6 12. Re1 Bb7 13. Bb2 Na5 14. Bd3 Nc4 15. Rb1 Rac8 16. Bxc4 Rxc4 17. Ba1 Ne4 18. Rb3 Rfc8 19. Qd3 Nc5 20. Qxc4 Qxc4 21. dxc5 Rxc5 22. Rd1 Rd5 23. Re1 Rd3 24. Ne5 Qd5 0-1